000 00475nam a2200181Ia 4500
003 GCL
008 140319s9999 xx 000 0 eng d
040 _aGCL /
_cGCL
082 0 4 _aCC
_b962.04
_bM C
100 1 _aMITCHELL,TIMOTHY
245 1 0 _aCOLONSING EGYPT /
_cMITCHELL,TIMOTHY
260 _a[S.N] :
_bTHE AMERICAN UNIVERSITY IN CAIRO PRESS ،
_c1989
300 _a218
650 0 4 _aBRITISH OCCUPATION
650 0 4 _aFARMING
650 0 4 _aEXHIBITION
942 _2ddc
_cBK
999 _c13057
_d13057